La donna delinquente

Đã lưu trong:
Chi tiết về thư mục
Tác giả chính: Lombroso, Cesare
Định dạng: Sách
Ngôn ngữ:Tiếng Anh
Được phát hành: Torino Bocca 1927
Các nhãn: Thêm thẻ
Không có thẻ, Là người đầu tiên thẻ bản ghi này!

MARC

LEADER 00000nam a2200000 4500
005 20231110233321.0
008 231110b |||||||| |||| 00| 0 eng d
040 |c C 
100 |a Lombroso, Cesare 
245 |a La donna delinquente 
260 |a Torino  |b Bocca  |c 1927 
942 |2 ddc  |c BK  |n 0 
952 |0 0  |1 0  |2 ddc  |4 0  |5 1  |7 1  |9 187  |a GE  |b GE  |d 2023-11-11  |l 0  |p 9000  |r 2023-11-10 23:34:03  |w 2023-11-10  |x Restrizioni anche per la consultazione  |y BK 
999 |c 153  |d 153